Statistics for Random territory flags #1

Click here to take the quiz!

General Stats

  • This quiz has been taken 501 times
  • The average score is 8 of 12

Answer Stats

Answer% Correct
Aruba
85%
Christmas Island
84%
American Samoa
83%
French Guiana
80%
Guernsey
80%
Niue
76%
Wake Island
76%
Easter Island
69%
Norfolk Island
67%
Wallis and Futuna
55%
Galapagos
48%
Falklands
45%

Score Distribution

Percentile by Number Answered

Percent of People with Each Score

Your Score History

You have not taken this quiz